000 00405nam a22001697a 4500
005 20160620104326.0
008 160620b xxu||||| |||| 00| 0 eng d
020 _a981-243-511-5
041 _aeng
082 _b8378
100 _aMathis, robert L & Jackson John H
_92294
245 _aHuman Resource Management
260 _bthomson
_c2004
300 _a621
650 _aManagement
_9241
942 _cBK
999 _c3214
_d3213